Normal view
MARC view
- SUN
Entry Personal Name
001 - CONTROL NUMBER
- control field: 67641
003 - CONTROL NUMBER IDENTIFIER
- control field: NUST
005 - DATE AND TIME OF LATEST TRANSACTION
- control field: 20210628203851.0
008 - FIXED-LENGTH DATA ELEMENTS
- fixed length control field: 210628|| aca||aabn | a|a d
040 ## - CATALOGING SOURCE
- Original cataloging agency: NUST
- Transcribing agency: NUST
100 ## - HEADING--PERSONAL NAME
- Personal name: SUN
670 ## - SOURCE DATA FOUND
- Source citation: Work cat.: (NUST): SUN, OPEN BOOT COMMAND REFERENCE, 1994
